banner koha

Eucalypt clone modelling in agrosilvopastoral systems (Registro n. 299521)

MARC details
000 -LÍDER
fixed length control field 03738nab a2200373 i 4500
003 - CÓDIGO MARC DA AGÊNCIA CATALOGADORA
Campo de controle BR-BrBNA
005 - DATA E HORA DA ÚLTIMA ATUALIZAÇÃO
Campo de controle 20240509151328.0
008 - CAMPO DE TAMANHO FIXO
fixed length control field 240509b2022 bl.ar|pooa||| 00| 0 eng |
040 ## - FONTE DA CATALOGAÇÃO
Agência catalogadora BR-BrBNA
Idioma da catalogação eng
072 ## - CATEGORIA AGRIS
Código AGRIS F50
Código do objeto 3240
072 ## - CATEGORIA AGRIS
Código AGRIS K10
100 ## - ENTRADA PRINCIPAL - NOME PESSOAL
Nome pessoal Aguiar Júnior, Adênio Louzeiro de
100 ## - ENTRADA PRINCIPAL - NOME PESSOAL
Nome pessoal Oliveira Neto, Silvio Nolasco de
100 ## - ENTRADA PRINCIPAL - NOME PESSOAL
Nome pessoal Soares, Carlos Pedro Boechat
100 ## - ENTRADA PRINCIPAL - NOME PESSOAL
Nome pessoal Müller, Marcelo Dias
100 ## - ENTRADA PRINCIPAL - NOME PESSOAL
Nome pessoal Obolari, Amana Magalhães de Matos
100 ## - ENTRADA PRINCIPAL - NOME PESSOAL
Nome pessoal Calsavara, Leonardo Henrique Ferreira
245 ## - TÍTULO PRINCIPAL
Título principal Eucalypt clone modelling in agrosilvopastoral systems
500 ## - NOTA GERAL
Nota geral <br/>Publicação on-line; 31 ref.; 4 tables; Summaries (En, Pt)
942 ## - ADDED ENTRY ELEMENTS (KOHA)
Koha item type
520 ## - NOTA DE RESUMO
Nota de conteúdo <br/><br/>Abstract – The objective of this work was to evaluate height-diameter,<br/>volumetric, and taper models to estimate the height, volume, and bole profile<br/>of trees of eucalypt clones (Eucalyptus grandis × Eucalyptus urophylla) in<br/>an agrosilvopastoral system. Data were collected from permanent plots<br/>in an eight year-old agrosilvopastoral system, composed by three eucalypt<br/>clones (VE01, VE06, and VE07), located in the municipality of Coronel<br/>Xavier Chaves, in the state of Minas Gerais, Brazil. Two height-diameter,<br/>three volumetric, and four taper models were fit to the data of each clone<br/>and compared to each other, in order to select the best-fitting one. The<br/>equations fitted well to the observed data, and those of the models of Campos,<br/>Schumacher-Hall, and Garay stood out as the best ones. In addition, Graybill’s<br/>F-test showed that the height-diameter and volumetric equations must be<br/>fitted separately for each genetic material. The model of Garay was the best<br/>taper model to estimate the bole profiles of all clones using a single equation.<br/><br/><br/>Index terms: crop-livestock-forest integration, genetic material, tree<br/>component, volume production.
520 ## - NOTA DE RESUMO
Nota de conteúdo <br/><br/>Resumo – O objetivo deste trabalho foi avaliar modelos hipsométricos,<br/>volumétricos e de afilamento para estimar a altura, o volume e o perfil do<br/>fuste de árvores de clones de eucalipto (Eucalyptus grandis × Eucalyptus<br/>urophylla), em sistema agrossilvipastoril. Foram coletados dados de parcelas<br/>permanentes em sistema agrossilvipastoril com oito anos de idade, composto<br/>por três clones de eucalipto (VE01, VE06 e VE07), localizado no município<br/>de Coronel Xavier Chaves, no estado de Minas Gerais, Brasil. Dois modelos<br/>hipsométricos, três volumétricos e quatro de afilamento foram ajustados aos<br/>dados de cada clone e comparados entre si para selecionar o mais bem ajustado.<br/>As equações se ajustaram bem aos dados observados, e aquelas dos modelos<br/>de Campos, Schumacher-Hall e Garay se destacaram como as melhores.<br/>Além disto, o teste F de Graybill mostrou que as equações hipsométricas e<br/>volumétricas devem ser ajustadas separadamente para cada material genético.<br/>O modelo de Garay foi o melhor modelo de afilamento para estimar perfis de<br/>fuste de todos os clones, com uma única equação.<br/><br/><br/>Termos para indexação: integração lavoura-pecuária-floresta, material<br/>genético, componente arbóreo, produção volumétrica.
650 ## - ASSUNTO - THESAGRO
Cabeçalho tópico ou nome geográfico EUCALIPTO
650 ## - ASSUNTO - THESAGRO
Cabeçalho tópico ou nome geográfico LAVOURA
650 ## - ASSUNTO - THESAGRO
Cabeçalho tópico ou nome geográfico PECUÁRIA
650 ## - ASSUNTO - THESAGRO
Cabeçalho tópico ou nome geográfico FLORESTA
650 ## - ASSUNTO - THESAGRO
Cabeçalho tópico ou nome geográfico INTEGRAÇÃO
650 ## - ASSUNTO - THESAGRO
Cabeçalho tópico ou nome geográfico ANATOMIA VEGETAL
650 ## - ASSUNTO - THESAGRO
Cabeçalho tópico ou nome geográfico ALTURA
650 ## - ASSUNTO - THESAGRO
Cabeçalho tópico ou nome geográfico DIÂMETRO
773 0# - ENTRADA ANALÍTICA
Host Biblionumber 920
Registro do item 25802
Imprenta Brasília-DF Empresa Brasileira de Pesquisa Agropecuária - EMBRAPA 1966-
Outro identificador 2023-436358
Título Pesquisa Agropecuária Brasileira (Brazil)
ISSN 0100-204X
Colação v. 57 p. 1-10; (2022)
Número de controle de registro BR2024000648
856 ## - ACESSO E ENDEREÇO ELETRÔNICO
Identificador uniforme de recurso - URI https://www.scielo.br/j/pab/a/cQVXG58Tz3p6qWQfx38xyrj/?format=pdf&lang=en

Nenhum exemplar disponível.

BINAGRI

Telefone: (61)3218-2567/2388/3357/2097 - binagri@agro.gov.br

Ministério da Agricultura e Pecuária , Esplanada dos Ministérios, Bloco D, Anexo B, Brasília/DF, CEP: 70.043-900